• 首页
  • 本馆介绍
  • 公告通知
  • 最新文献
  • 馆藏检索
  • 电子资源
  • 读者导购
  • 参考咨询
  • 我的图书馆
  • 登录
  • 详细信息显示
  • 放入我的书架
  • 预约/预借图书
  • 作者相关作品
  • 分类相关作品
  • 丛书相关作品
  • 出版社相关作品

书目信息

  • 表格格式
  • 工作单格式
  • 卡片格式
题名:
北京中轴线
    
 
作者: 林山
分册:  
出版信息: 合肥   黄山书社  2015.11
页数: 160页
开本: 20cm
丛书名:
单 册:
中图分类: TU984.21
科图分类:
主题词: 城市规划
电子资源:
ISBN: 7-5461-4180-X
000 00570nam0 2200205 450
001 2722
005 20161205145933.70
010    @a7-5461-4180-X@dCNY39.00
100    @a20150810d2015 km y0chiy0120 ea
101 0  @achi
102    @aCN@b340000
200 1  @a北京中轴线@Abei jing zhong zhou xian@f林山@Flin shan
210    @a合肥@c黄山书社@d2015.11
215    @a160页@d20cm
330    @a城市规划·概况·北京市
606 0  @a城市规划
690    @aTU984.21@v4
701  0 @a林山@Alin shan
801  0 @aCN@b大连网信软件有限公司图书馆·11@c20161205
905    @aZUCC@dTU984.21@e895
    
    北京中轴线/林山.-合肥:黄山书社,2015.11
    160页;20cm
    
    
    ISBN 7-5461-4180-X:CNY39.00
    城市规划·概况·北京市
●
相关链接 在E读中查询图书 在五车中查询图书 在当当中查询图书 在豆瓣中查询图书


正题名:北京中轴线     索取号:TU984.21/895         预约/预借

序号 登录号 条形码 馆藏地/架位号 状态 备注
1 911289   209112896   第二样本阅览室/ [索取号:TU984.21/895] 在馆    
2 911290   209112903   第三借阅区/ [索取号:TU984.21/895] 在馆    
3 911291   209112912   第三借阅区/ [索取号:TU984.21/895] 在馆    
4 911292   209112921   第三借阅区/ [索取号:TU984.21/895] 在馆    
5 911293   209112930   第三借阅区/ [索取号:TU984.21/895] 在馆    
唐山师范学院图书馆 欢迎您!
大连网信软件有限公司© 版权所有